Statistics for Maryland Interstates

Click here to take the quiz!

General Stats

  • This quiz has been taken 111 times
  • The average score is 10 of 13

Answer Stats

Answer% Correct
I95
99%
I70
94%
I495
85%
I295
79%
I695
79%
I795
77%
I270
76%
I395
74%
I895
73%
I83
72%
I68
70%
I81
70%
I97
69%

Score Distribution

Percentile by Number Answered

Percent of People with Each Score

Your Score History

You have not taken this quiz